Statystyki dla Państwa kończące się na -ka

Kliknij tutaj aby rozwiązać quiz!

Ogólne statystyki

  • Ten quiz został rozwiązany 2 399 razy
    (2 179 od ostatniego zresetowania)
  • Średni wynik to 4 z 9

Statystyki odpowiedzi

KontynentPaństwo% Poprawnych
EuropaPolska
87%
Ameryka PółnocnaKostaryka
67%
Ameryka PółnocnaDominika
58%
Ameryka PółnocnaJamajka
51%
AzjaArabia Saudyjska
42%
AzjaSri Lanka
39%
AfrykaRepublika Środkowoafrykańska
36%
AfrykaPołudniowa Afryka
35%
AfrykaRepublika Zielonego Przylądka
32%

Rozkład punktacji

Percentyl według liczby udzielonych odpowiedzi

Procent ludzi z każdym wynikiem

Twoja historia wyników

Nie rozwiązałeś tego quizu od ostatniego zresetowania